000 01107aab a2200193 i 4500
001 768714001
003 CO-MdFUSB
005 20240618062717.0
008 221108s1998 ag ||||| |||| 00| 0 spa d
040 _bspa
_cCO-MdFUSB
_dCO-MdFUSB
041 _aspa
100 1 _aBrepohl, Dieter
_eautor
245 1 0 _aMisión en la universidad latinoamericana :
_b40 Años de la Comunidad Internacional de Estudiantes Evangélicos (CIEE)
_c/ Dieter Brepohl
300 _aVolumen 17, número 1 (enero - marzo, 1998), páginas: 6 - 10
_c; 27 cm
520 _aLa universidad ha sido desde sus comienzos foco de vanguardia en la sociedad. También, muchos de los movimientos de renovación cristiana tuvieron su inicio en la universidad e influyeron posteriormente en la iglesia y en toda la sociedad. Este será el tiempo de un nuevo y gran avance en la obra estudiantil, para que la universidad latinoamericana escuche la voz de Dios y adore a Jesucristo.
650 0 _aMisiones
_9154
773 0 _tIglesia y Misión
_049402
_959635
_gVolumen 17, número 1 (enero - marzo, 1998), páginas: 6-10
_qPáginas: 6
942 _cANA
999 _c52277
_d52277